| 000 | 00418nam a2200157 a 4500 | ||
|---|---|---|---|
| 001 | 101 | ||
| 003 | CDMR | ||
| 005 | 20130319191944.0 | ||
| 008 | 130130s1992||||||||||||||||||||||||||||d | ||
| 040 |
_aCDMR _bcat _cCPC LLEIDA |
||
| 100 | 1 |
_aAlegre, Celina _998 |
|
| 245 | 1 | 0 |
_aAfinidades Peligrosas _b: un estudio sobre La Regenta _cCelina ALEGRE |
| 260 |
_aLleida _c1992 _bPagès |
||
| 490 | 0 | _aEl Fil d'Ariadna | |
| 942 |
_cMON _2udc |
||
| 999 |
_c101 _d101 |
||